Vidas por el Derecho

Bibliographic Details
Main Author: Conde Naranjo, Esteban
Format: eBook
Language:Spanish
Published: Madrid : Dykinson, 2012
Subjects:
Online Access:http://www.vlex.com/source/7015

MARC

LEADER 00000nam a22000007a 4500
005 20130221185507.0
007 cr|||| ||||
008 130221e2012 sp |||||s|||| 00||0 spa d
020 |a 978-84-9031-206-3 
035 |a 7015 
040 |a vLex 
090 |c 3709  |d 3709 
100 1 0 |a Conde Naranjo, Esteban 
245 1 0 |a Vidas por el Derecho  |h [Recurso electrn̤ico] 
256 |a Servicio en ln̕ea 
260 |a Madrid :  |b Dykinson,   |c 2012  
300 |a 1 Recurso electrn̤ico 
650 0 4 |a Historia del Derecho 
740 |a vLex Libros (Servicio en ln̕ea) 
856 |a Acceso restringido  |u http://www.vlex.com/source/7015 
942 |c BOOK 
999 0 |a Law